| 000 | 00618nam a2200181 i 4500 | ||
|---|---|---|---|
| 001 | 82817 | ||
| 003 | ES-MaACL | ||
| 005 | 20230906174733.0 | ||
| 007 | t| | ||
| 008 | 041112s1966 sp ||||1| spa d | ||
| 245 | 0 | 3 | _aLa Iglesia, misterio de salvación en la "Lumen gentium". |
| 260 |
_aBérriz : _bAngeles de las Misiones ; _a[Bilbao : _bEditorial Vizcaína], _c1966. |
||
| 300 |
_a180 p. ; _c24 cm. |
||
| 500 | _aPrecede al tít.: Centro de Estudios Misionológicos de Bérriz. | ||
| 710 | 2 |
_aCentro de Estudios Misionológicos de Bérriz. _9200556 |
|
| 852 |
_aES-MaACL _jC-30245 _bR.60803 |
||
| 999 |
_c82817 _d82817 |
||